The Constitution of India (Record no. 19393)

MARC details
000 -LEADER
fixed length control field 00359nam a2200145Ia 4500
008 - FIXED-LENGTH DATA ELEMENTS--GENERAL INFORMATION
fixed length control field 221220s9999 xx 000 0 und d
020 ## - INTERNATIONAL STANDARD BOOK NUMBER
ISBN 978-93-90644-24-7
041 ## - LANGUAGE CODE
Language code of text/sound track or separate title
100 ## - MAIN ENTRY--AUTHOR NAME
Personal name Bare Act
245 #4 - TITLE STATEMENT
Title The Constitution of India
Statement of responsibility, etc by Bare Act
260 ## - PUBLICATION, DISTRIBUTION, ETC. (IMPRINT)
Name of publisher L & J Pub.
Place of publication Delhi
Year of publication 2022
300 ## - PHYSICAL DESCRIPTION
Number of Pages 384
650 ## - SUBJECT ADDED ENTRY--TOPICAL TERM
Topical Term Constitution
942 ## - ADDED ENTRY ELEMENTS (KOHA)
Source of classification or shelving scheme
Koha item type Books
Holdings
Accession Number Cost, normal purchase price Bill Date Source of acquisition Price effective from Koha item type Withdrawn / writtenoff status Materials specified (bound volume or other part) Damaged status Not for loan Permanent Location Current Location Shelving location Date acquired Lost/ Missing status department
LLB 352 325.00 81 ABD, Jammu 12/20/2022 Books   Print   Not For Loan MIET Library, Jammu MIET Library, Jammu 180/2     BBA LLB
LLB 353 325.00 81 ABD, Jammu 12/20/2022 Books   Print     MIET Library, Jammu MIET Library, Jammu 179/4     BBA LLB
LLB 354 325.00 81 ABD, Jammu 12/20/2022 Books   Print     MIET Library, Jammu MIET Library, Jammu 179/4     BBA LLB
LLB 355 325.00 81 ABD, Jammu 12/20/2022 Books   Print     MIET Library, Jammu MIET Library, Jammu 179/4     BBA LLB